01015nam a2200229 a 450000100100000000500170001000800410002704000250006808200260009310000410011924500560016025000120021626000770022830000210030559000260032660000590035265000740041165000620048591000380054795201830058599900170076800002168820240409073639.0100910t1956 dr r 011 0dspa d aDO-SdBNPbspacBNPHU a282.7293bC422t, 19561 aCestero-Burgos, Tulio,d1902-94511610aTrujillo y el cristianismo /cTulio Cestero-Burgos. a2ª ed. aCiudad Trujillo, República Dominicana :bLibrería Dominicana,c1956. a104 p. ;c22 cm. aInventariado, 2019/BT10aTrujillo Molina, Rafael Leónidas,d 1891-1961976764 4aIglesia católicazRepública DominicanaxHistoriaySIGLO XX912043 4aIglesia y estadozRepública DominicanaxSiglo xx931455 aValidado. Control de calidad. EMS 001050718RVaPDbPDcHDd2010-09-10iLF1l0o282.7293 C422t, 1956p21688-10r2020-06-25w2020-06-25y1zPerteneció a la biblioteca personal de Martínez Boog.ZNo se presta c21187d21187